Types Of Electronic Readers Quiz Stats

Quiz not verified by Sporcle

Also try: Click the Poet
Challenge
Share
Tweet
Embed
Score 0/20 Timer 05:00
0 Plays Today
Creator E-Reader % Correct
AmazonKindle
100%
Barnes & NobleNook
83.3%
Barnes & NobleNOOKcolor
50%
Kobo BooksKobo Wireless e-Reader
16.7%
SonyReader Pocket Edition PRS-350
0%
SamsungPapyrus
0%
SamsungE6
0%
KolportereClicto
0%
Foxit SoftwareeSlick
0%
HanvonWISEreader N516
0%
Creator E-Reader % Correct
Condor TechnologyeGriver Touch
0%
Endless IdeasBeBook
0%
EntourageeDGe
0%
BookeenCybook Opus
0%
IntereadCOOL-ER
0%
iRex TechnologiesDigital Reader 1000
0%
JinkeHanlin V2
0%
PocketBookPocketBook Pro 903
0%
Spring DesignsAlex e-Reader
0%
ZzbookeReader HD
0%

You're not logged in!

Compare scores with friends on all Sporcle quizzes.
Join for Free
OR
Log In

You Might Also Like...

Show Comments

Extras

Top Quizzes Today


Score Distribution

Your Account Isn't Verified!

In order to create a playlist on Sporcle, you need to verify the email address you used during registration. Go to your Sporcle Settings to finish the process.

Report this User

Report this user for behavior that violates our Community Guidelines.

Details: